ბათუმის შოთა რუსთაველის სახელმწიფო უნივერსიტეტის ბიბლიოთეკა

პეტრე იბერი / (ბიბ.ჩანაწერი № 55018)

000 -ლიდერი
ფიქსირებული სიგრძის საკონტროლო ველი 01461nam a2200289Ia 4500
001 - საკონტროლო ნომერი
საკონტროლო ველი 22092
003 - საკონტროლო ნომრის იდენტიფიკატორი
საკონტროლო ველი GE_BSU
005 - ბოლო ოპერაციის თარიღი და დრო
საკონტროლო ველი 20221024114307.0
008 - ფიქსირებული სიგრძის მონაცემთა ელემენტები - ზოგადი ინფორმაცია
ფიქსირებული სიგრძის საკონტროლო ველი 181216s2014||||ge |||||||||||||| ||geo||
020 ## - წიგნის საერთაშორისო სტანდარტული ნომერი
International Standard Book Number ISBN:978-9941-0-2522-8
040 ## - კატალოგიზაციის წყარო
Transcribing agency GE_BSU
041 ## - ენის კოდი
Language code of text/sound track or separate title geo
080 ## - უნივერსალური ათობითი კლასიფიკაციის ინდექსი
Universal Decimal Classification number 271.22-726.2(479.22)+1(479.22)(092პეტრე იბერი) თ-40
100 ## - მთავარი ჩანაწერი - პიროვნების სახელი
Personal name თევზაძე, გურამ
9 (RLIN) 15473
245 ## - ცნობა სათაურის შესახებ
Title პეტრე იბერი /
Statement of responsibility, etc გურამ თევზაძე ; რედ. ალექსანდრე ალადაშვილი.
250 ## - გამოცემის ცნობა
Edition statement მე-2 შესწორებული გამოცემა
264 ## - წარმოების, გამოცემის, დისტრიბუციის და სხვა ცნობები
გამოცემის, წარმოების, დისტრიბუციის... ადგილი თბილისი :
გამოცემის, წარმოების, დისტრიბუციის... სახელწოდება Carpe Diem,
გამოცემის, წარმოების, დისტრიბუციის... თარიღი 2009-2014.
300 ## - ფიზიკური აღწერა
Extent 33 გვ. ;
Dimensions 20 სმ.
500 ## - ზოგადი შენიშვნა
General note გარეკანზე გამოსახულია პეტრე იბერის ფოტო
653 ## - INDEX TERM--UNCONTROLLED
Uncontrolled term პეტრე იბერი
653 ## - INDEX TERM--UNCONTROLLED
Uncontrolled term პეტრე იბერი ძველი ქართული და საერთოდ,ქრისტიანული მსოფლმხედველობის გამოჩენილი წარმომადგენელია
653 ## - INDEX TERM--UNCONTROLLED
Uncontrolled term რელიგია
653 ## - INDEX TERM--UNCONTROLLED
Uncontrolled term ფილოსოფია
700 ## - ADDED ENTRY--PERSONAL NAME
Personal name ალადაშვილი, ალექსანდრე
Relator term რედაქტორი
9 (RLIN) 224
942 ## - ADDED ENTRY ELEMENTS (KOHA)
Koha item type წიგნი
Source of classification or shelving scheme
ეგზემპლარები
ჩამოწერის სტატუსი დაკარგული ეგზემპლარის სტატუსი კლასიფიკაციის წყარო ან თაროზე გაწყობის სქემა დაზიანების სტატუსი არ გაიცემა მუდმივი მდებარეობა (დაცვის ადგილი) ამჟამინდელი ადგილსამყოფელი თაროზე განთავსების ადგილი შეძენის თარიღი ღირებულება, შესყიდვის ნორმალური ფასი სრული შენახვის შიფრი შტრიხკოდი ბოლო ოპერაციის თარიღი ეგზემპლარის მიმდევრობითი ნომერი (კეტერი?) ფასის ძალაში შესვლის თარიღი ეგზემპლარის სახეობა საჯარო შენიშვნა
          ბათუმის შოთა რუსთაველის სახელმწიფო უნივერსიტეტის მთავარი ბიბლიოთეკა ბათუმის შოთა რუსთაველის სახელმწიფო უნივერსიტეტის მთავარი ბიბლიოთეკა წიგნსაცავი 2018-12-17 2.90 271.22-726.2(479.22)+1(479.22)(092პეტრე იბერი) თ-40 56982 2018-12-17 56982 2018-12-17 წიგნი 2.90 ₾.
          ბათუმის შოთა რუსთაველის სახელმწიფო უნივერსიტეტის მთავარი ბიბლიოთეკა ბათუმის შოთა რუსთაველის სახელმწიფო უნივერსიტეტის მთავარი ბიბლიოთეკა წიგნსაცავი 2018-12-17 2.90 271.22-726.2(479.22)+1(479.22)(092პეტრე იბერი) თ-40 56983 2018-12-17 56983 2018-12-17 წიგნი 2.90 ₾.
          ბათუმის შოთა რუსთაველის სახელმწიფო უნივერსიტეტის მთავარი ბიბლიოთეკა ბათუმის შოთა რუსთაველის სახელმწიფო უნივერსიტეტის მთავარი ბიბლიოთეკა წიგნსაცავი 2018-12-17 2.90 271.22-726.2(479.22)+1(479.22)(092პეტრე იბერი) თ-40 56984 2018-12-17 56984 2018-12-17 წიგნი 2.90 ₾.
          ბათუმის შოთა რუსთაველის სახელმწიფო უნივერსიტეტის მთავარი ბიბლიოთეკა ბათუმის შოთა რუსთაველის სახელმწიფო უნივერსიტეტის მთავარი ბიბლიოთეკა წიგნსაცავი 2018-12-17 2.90 271.22-726.2(479.22)+1(479.22)(092პეტრე იბერი) თ-40 56986 2018-12-17 56986 2018-12-17 წიგნი 2.90 ₾.
          ბათუმის შოთა რუსთაველის სახელმწიფო უნივერსიტეტის მთავარი ბიბლიოთეკა ბათუმის შოთა რუსთაველის სახელმწიფო უნივერსიტეტის მთავარი ბიბლიოთეკა წიგნსაცავი 2018-12-17 2.90 271.22-726.2(479.22)+1(479.22)(092პეტრე იბერი) თ-40 56985 2018-12-17 56985 2018-12-17 წიგნი 2.90 ₾.